Athribis IX Die Fassade, der Pronaos, der Querraum und die dekorierten Blöcke und Fragmente des Tempels Ptolemaios XII
Main Author:
Other Authors:
Format: Book
Language: Undetermined
Published:
Cairo
Institut français d'archéologie orientale
2025
Series:
Temples of Athribis 9
Subjects:
Tags: Add Tag
Call Number: DT73 .A9 v.9
| LEADER | 00748nam a22002057a 4500 | ||
|---|---|---|---|
| 005 | 20260427122414.0 | ||
| 008 | 260427t2025||||xx a |||||||||| ||und|| | ||
| 020 | |a 9782724710854 | ||
| 050 | 1 | 4 | |a DT73 |b .A9 v.9 |
| 100 | 0 | |a Susan Böttcher | |
| 245 | 1 | 0 | |a Athribis IX |b Die Fassade, der Pronaos, der Querraum und die dekorierten Blöcke und Fragmente des Tempels Ptolemaios XII |
| 264 | 1 | |a Cairo |b Institut français d'archéologie orientale |c 2025 | |
| 300 | |a 524 pages |b illustrations |c 29 cm | ||
| 490 | 0 | |a Temples of Athribis 9 | |
| 650 | 4 | |a Architectural texts in Ptolemaic Egypt | |
| 650 | 4 | |a Egyptology and hieroglyphic studies | |
| 650 | 4 | |a Temple inscriptions at Athribis | |
| 700 | 0 | |a Christian Leitz, Daniela Mendel | |
| 942 | |2 lcc | ||
| 999 | |c 61893 |d 61893 | ||
